<?xml version="1.0" encoding="UTF-8"?>
<record
    xmlns:xsi="http://www.w3.org/2001/XMLSchema-instance"
    xsi:schemaLocation="http://www.loc.gov/MARC21/slim http://www.loc.gov/standards/marcxml/schema/MARC21slim.xsd"
    xmlns="http://www.loc.gov/MARC21/slim">

  <leader>00642nam a22001697a 4500</leader>
  <controlfield tag="005">20250405155435.0</controlfield>
  <controlfield tag="008">250405b        |||||||| |||| 00| 0 eng d</controlfield>
  <datafield tag="020" ind1=" " ind2=" ">
    <subfield code="a">9789988592981</subfield>
  </datafield>
  <datafield tag="050" ind1=" " ind2=" ">
    <subfield code="a">HF5686</subfield>
    <subfield code="b">.C7 2002</subfield>
  </datafield>
  <datafield tag="245" ind1=" " ind2=" ">
    <subfield code="a">ACCA :</subfield>
    <subfield code="b">PAPER 2.5 - Financial Reporting Textbook /</subfield>
  </datafield>
  <datafield tag="260" ind1=" " ind2=" ">
    <subfield code="a">Middlesex.</subfield>
    <subfield code="a">UK</subfield>
    <subfield code="b">Foulks Lynch Ltd.</subfield>
    <subfield code="c">c2002</subfield>
  </datafield>
  <datafield tag="260" ind1=" " ind2=" ">
    <subfield code="a">Accra</subfield>
    <subfield code="b">EPP Books Services</subfield>
    <subfield code="b">LA Education Centre</subfield>
    <subfield code="c">c2002</subfield>
  </datafield>
  <datafield tag="300" ind1=" " ind2=" ">
    <subfield code="a">xi, 562pgs</subfield>
    <subfield code="b">illustrations, index</subfield>
    <subfield code="c">29cm</subfield>
  </datafield>
  <datafield tag="500" ind1=" " ind2=" ">
    <subfield code="a">The official text for the professional qualification. December 2002 &amp; June 2003 Exams. Financial Reporting (UK Stream)</subfield>
  </datafield>
  <datafield tag="650" ind1=" " ind2=" ">
    <subfield code="2">Financial Reporting</subfield>
  </datafield>
  <datafield tag="942" ind1=" " ind2=" ">
    <subfield code="2">lcc</subfield>
    <subfield code="c">BK</subfield>
  </datafield>
  <datafield tag="999" ind1=" " ind2=" ">
    <subfield code="c">5371</subfield>
    <subfield code="d">5371</subfield>
  </datafield>
  <datafield tag="952" ind1=" " ind2=" ">
    <subfield code="0">0</subfield>
    <subfield code="1">0</subfield>
    <subfield code="2">lcc</subfield>
    <subfield code="4">0</subfield>
    <subfield code="7">0</subfield>
    <subfield code="8">NFIC</subfield>
    <subfield code="a">MBL</subfield>
    <subfield code="b">MBL</subfield>
    <subfield code="c">REF</subfield>
    <subfield code="d">2025-04-05</subfield>
    <subfield code="l">0</subfield>
    <subfield code="o">HF5686.C7 FIN</subfield>
    <subfield code="p">bssm00001738</subfield>
    <subfield code="r">2025-04-05 15:56:13</subfield>
    <subfield code="t">1</subfield>
    <subfield code="w">2025-04-05</subfield>
    <subfield code="y">BK</subfield>
  </datafield>
</record>
